Sports Quiz

Random Sports or Football Quiz

All-Time Top English Football Division Quiz Stats

 Plays Quiz not verified by Sporcle

Challenge
Share
Tweet
Embed
Score 0/65 Timer 08:00
0 Plays Today
Seasons in top division Club % Correct
91Manchester United
98.9%
99Arsenal
98.7%
101Liverpool
98.2%
113Everton
97.2%
87Manchester City
96.9%
105Aston Villa
96%
85Newcastle United
95.7%
81Chelsea
95.6%
81Tottenham Hotspur
94.2%
85Sunderland
93.9%
50Leeds United
91.8%
58West Ham United
91.1%
78West Bromwich Albion
90.1%
39Southampton
89.8%
72Blackburn Rovers
89.3%
33Portsmouth
88.4%
57Birmingham City
88.2%
25Fulham
87.7%
63Wolverhampton Wanderers
87.4%
25Norwich City
87.2%
60Sheffield United
87%
66Sheffield Wednesday
86.8%
73Bolton Wanderers
86.7%
56Nottingham Forest
86.2%
60Stoke City
86%
7Swansea City
85.4%
65Derby County
84.1%
4Hull City
84%
53Burnley
83.9%
1Bournemouth
83.1%
16Cardiff City
83%
23Queens Park Rangers
82.2%
48Leicester City
82.2%
Seasons in top division Club % Correct
8Wigan Athletic
81.9%
60Middlesbrough
81.7%
26Ipswich Town
81.7%
28Blackpool
80.6%
16Crystal Palace
79.4%
26Charlton Athletic
77.6%
14Wimbledon
76.3%
3Reading
76%
34Coventry City
74.3%
9Watford
73.6%
46Preston North End
73.5%
1Barnsley
71.2%
30Notts County
70.3%
1Swindon Town
68.7%
12Oldham Athletic
67.2%
9Bristol City
65.8%
30Huddersfield Town
64.7%
4Brighton & Hove Albion
63.4%
16Luton Town
61.5%
2Millwall
60%
12Bradford City
58.4%
3Oxford United
56.8%
1Carlisle United
45.2%
22Bury
42.8%
5Brentford
40.5%
1Leyton Orient
38.3%
1Northampton Town
37.6%
5Accrington
36%
12Grimsby Town
32.3%
3Bradford Park Avenue
28.9%
1Glossop North End
15.5%
2Darwen
15.2%

You're not logged in!

Compare scores with friends on all Sporcle quizzes.
Join for Free
OR
Log In

You Might Also Like...

Show Comments

Extras

Top Quizzes Today


Score Distribution

Your Account Isn't Verified!

In order to create a playlist on Sporcle, you need to verify the email address you used during registration. Go to your Sporcle Settings to finish the process.

Report this User

Report this user for behavior that violates our Community Guidelines.

Details: